| 000 | 00388nam a2200145Ia 4500 | ||
|---|---|---|---|
| 008 | 230917s9999||||xx |||||||||||||| ||und|| | ||
| 040 |
_e5012033 _aMAIN |
||
| 041 | _aEnglish | ||
| 082 | _a576 K527P | ||
| 100 | _aKhangwal, Ishu | ||
| 245 | 0 | _aProduction, characterization and evaluation of xylooligosaccharides for use in prebiotics | |
| 260 | _c2021 | ||
| 300 | _a133 p. | ||
| 942 | _cBK | ||
| 999 |
_c10286 _d10286 |
||